| 000 | 00821nam a22002177a 4500 | ||
|---|---|---|---|
| 999 |
_c370939 _d370939 |
||
| 008 | 201130b ||||| |||| 00| 0 eng d | ||
| 040 |
_bger _cDE-2950 _erda _aDE-2950 |
||
| 041 | _ager | ||
| 100 | _aSandow Karin: | ||
| 245 |
_aFrankfurts Bürgerschaft liest. _bKultur: Zum Abschluss der Kleist-Festtage kamen in der Sankt-Gertraud-Kirche Bürger zusammen und stellten Heinrich Zschokkes "Hans dampf" vor./ _cSandow Karin |
||
| 264 | _c2021 | ||
| 653 | _aFrankfurt (Oder) | ||
| 653 | _aKultur | ||
| 653 | _aKleist-Festtage | ||
| 653 | _aZschokkes, Heinrich 1771-1848 | ||
| 773 |
_dFrankfurt (Oder): Märkisches Verlags- und Druckhaus GmbH & Co KG _g32. Jahrgang (2021) Nr. 238 vom 12.10.2021, S. 15 _tMärkische Oderzeitung |
||
| 942 | _cA | ||